| 000 | 00741nam a2200265Ia 4500 | ||
|---|---|---|---|
| 003 | OSt | ||
| 005 | 20220928110030.0 | ||
| 006 | a|||||r|||| 00| 0 | ||
| 007 | ta | ||
| 008 | 220927b |||||||| |||| 00| 0 eng d | ||
| 020 | _cUKP 39.99 | ||
| 024 | _a134693 | ||
| 037 |
_b193, 08/03/2017, Classic Book Service _cTextual |
||
| 040 |
_aSDCL _cSDCL _beng |
||
| 041 |
_2eng _aeng |
||
| 082 | _aL7, Q7 | ||
| 100 |
_aWard Jamie _9417860 |
||
| 245 | 0 | _aStudent's guide to social neuroscience | |
| 250 | _a2nd | ||
| 260 |
_aLondon _bRoutledge _c2017 |
||
| 300 |
_a421p. _ccm. |
||
| 650 | _aApplied Psychology | ||
| 942 |
_hL7, Q7 _cTEXL _2CC |
||
| 999 |
_c733854 _d733854 |
||